1 Billion streams club : Eminem - Statistics

General Stats
  • This quiz has been taken 29 times
  • The average score is 11 of 14
Answer Stats
Album Song Streams % Correct
Recovery(ft. Rihanna) Love The Way You Lie 2.1B
96%
8 Mile (Soundtrack) Lose Yourself 2.8B
88%
The Marshall Mathers LP 2(ft. Rihanna) The Monster 1.3B
88%
The Eminem Show Without Me 3.0B
84%
Recovery Not Afraid 1.2B
80%
The Marshall Mathers LP(ft. Dido) Stan 1.4B
80%
The Marshall Mathers LP 2 Rap God 1.2B
76%
Konvicted(ft. Akon) Smack That 1.6B
76%
The Marshall Mathers LP The Real Slim Shady 2.4B
76%
Music to Be Murdered By(ft. Juice WRLD) Godzilla 1.8B
72%
Encore Mockingbird 2.4B
72%
The Eminem Show(ft. Nate Dogg) Till I Collapse 2.4B
64%
2001(ft. Dr. Dre) Forgot About Dre 1.0B
52%
The Eminem Show(ft. Dina Rae) Superman 1.3B
52%
No matching quizzes found
Score Distribution
Percent of People with Each Score
Percentile by Number Answered
Your Score History
You have not taken this quiz